Геодезические линии на поверхности обувной колодки; Справочник. Инженерный журнал; № 6

Bibliografski detalji
Parent link:Справочник. Инженерный журнал: научно-технический и производственный журнал.— , 2000-.— 0203-347X
№ 6.— 2005.— С. 52-59
Glavni autor: Замарашкин К. Н.
Jezik:ruski
Izdano: 2005
Serija:Разная информация
Teme:
Format: Poglavlje knjige
KOHA link:https://koha.lib.tpu.ru/cgi-bin/koha/opac-detail.pl?biblionumber=398218

MARC

LEADER 00000naa2a2200000 4500
001 398218
005 20231101065022.0
035 |a (RuTPU)RU\TPU\prd\38085 
090 |a 398218 
100 |a 20050916a2005 k y0rusy50 ca 
101 0 |a rus 
102 |a RU 
200 1 |a Геодезические линии на поверхности обувной колодки  |f К. Н. Замарашкин 
225 1 |a Разная информация 
320 |a Библиогр.: 6 назв. 
461 0 |0 (RuTPU)RU\TPU\prd\1723  |x 0203-347X  |t Справочник. Инженерный журнал  |o научно-технический и производственный журнал  |d 2000- 
463 0 |0 (RuTPU)RU\TPU\prd\37489  |t № 6  |v С. 52-59  |d 2005 
610 1 |a обувные колодки 
610 1 |a геодезические линии 
610 1 |a определение 
610 1 |a применение 
675 |a 685.34.052.8.001.63  |v 3 
700 1 |a Замарашкин  |b К. Н. 
801 1 |a RU  |b 63413507  |c 20050916  |g PSBO 
801 2 |a RU  |b 63413507  |c 20140117  |g RCR 
942 |c BK